Word Ladder: Brothers Quiz Stats

 Plays Quiz Updated Mar 22, 2013

Also try: Four-Letter Things
Challenge
Share
Tweet
Embed
Score 0/14 Timer 02:00
1 Play Today
Hint 4-letter word % Correct
Score in soccerGOAL
98.2%
What Santa leaves for the naughty kidsCOAL
97.7%
Object with heads and tailsCOIN
96.2%
How to put a garden hose awayCOIL
93.8%
One who dons the cap and gown, for shortGRAD
80.2%
Stick with which to drive cattleGOAD
74.9%
Electrical networkGRID
72.1%
Hint 4-letter word % Correct
DesertlikeARID
67.3%
Figure skating leapAXEL
66.6%
Firemen's toolsAXES
66%
First murdererCAIN
65.9%
First murder victimABEL
63%
____ of EvilAXIS
62.3%
Gold and OnassisARIS
55.6%

Today's Daily Dose

Missing Word
Entertainment 'L'

Word Ladder
Fingers

Quick Pick
When in Rome

On This Day
December 15th II

You're not logged in!

Compare scores with friends on all Sporcle quizzes.
OR
Log In

You Might Also Like...

Show Comments

Extras

Top Quizzes Today


Score Distribution

Your Account Isn't Verified!

In order to create a playlist on Sporcle, you need to verify the email address you used during registration. Go to your Sporcle Settings to finish the process.

Report this User

Report this user for behavior that violates our Community Guidelines.

Details: